R v South Holland DC ex p Lincoln Co-operative Society Ltd (Record no. 67264)
[ view plain ]
| 000 -LEADER | |
|---|---|
| fixed length control field | 01057cam a2200193 4500 |
| 001 - CONTROL NUMBER | |
| control field | X13009 |
| 008 - FIXED-LENGTH DATA ELEMENTS--GENERAL INFORMATION | |
| fixed length control field | 000000n2001 000 0 eng u |
| 035 ## - SYSTEM CONTROL NUMBER | |
| System control number | (Sirsi) u113009 |
| 245 ## - TITLE STATEMENT | |
| Title | R v South Holland DC ex p Lincoln Co-operative Society Ltd |
| 260 ## - PUBLICATION, DISTRIBUTION, ETC. | |
| Date of publication, distribution, etc. | 2001 |
| 490 ## - SERIES STATEMENT | |
| Series statement | Journal of Planning and Environment Law |
| Volume/sequential designation | [2001] JPL 675-686(12) |
| 520 ## - SUMMARY, ETC. | |
| Summary, etc. | QBD 14 Nov 2000. Application for planning permission for supermarket. Application refused. Subsequent application accompanied by offer to make payment to Council under planning obligation. Decision to grant planning permission Application to quash decision. Whether planning obligation a material consideration. Whether Council's decision Wednesday unreasonable. Application allowed. Decision set aside [Taken from journal headnote]. |
| 650 ## - SUBJECT ADDED ENTRY--TOPICAL TERM | |
| Topical term or geographic name entry element | R V SOUTH HOLLAND DC EX P LINCOLN CO-OPERATIVE SOCIETY LTD |
| 650 ## - SUBJECT ADDED ENTRY--TOPICAL TERM | |
| Topical term or geographic name entry element | SUPERMARKET |
| 650 ## - SUBJECT ADDED ENTRY--TOPICAL TERM | |
| Topical term or geographic name entry element | PLANNING PERMISSION |
| 650 ## - SUBJECT ADDED ENTRY--TOPICAL TERM | |
| Topical term or geographic name entry element | MATERIAL CONSIDERATION |
| 690 ## - LOCAL SUBJECT ADDED ENTRY--TOPICAL TERM (OCLC, RLIN) | |
| Topical term or geographic name as entry element | ENVIRONMENTAL AND LAND CONSULTANCY-PLANNING AND DEVELOPMENT |
| 942 ## - ADDED ENTRY ELEMENTS (KOHA) | |
| Suppress in OPAC | 0 |
| Withdrawn status | Lost status | Source of classification or shelving scheme | Damaged status | Not for loan | Home library | Current library | Shelving location | Date acquired | Total Checkouts | Full call number | Barcode | Date last seen | Copy number | Price effective from | Koha item type |
|---|---|---|---|---|---|---|---|---|---|---|---|---|---|---|---|
| Dewey Decimal Classification | London | London | Journal article | 08/06/2001 | X113009 | 113009-1001 | 06/08/2019 | 1 | 06/08/2019 | Law report |